Computer architecture a modern synthesis : Volume 2: Advanced topics /

Enregistré dans:
Détails bibliographiques
Auteur principal: Dasgupta, Subrata (Auteur)
Format: Livre
Langue:anglais
Publié: New York : John Wiley & Sons, 1989
Sujets:
Tags: Ajouter un tag
Pas de tags, Soyez le premier à ajouter un tag!

MARC

LEADER 00000nam a22000003a 4500
001 stu2813
005 20190206124405.8
008 921221s1989----xxu-----------------eng-d
020 |a 0-471-61276-6 
040 |a STU  |b slo 
041 0 |a eng 
044 |a xxu 
080 |a 621.32.02 
100 1 |a Dasgupta, Subrata  |4 aut 
245 1 |a Computer architecture a modern synthesis :  |b Volume 2: Advanced topics /  |c [aut.] Dasgupta,Subrata 
260 |a New York :  |b John Wiley & Sons,  |c 1989 
300 |a 411 s 
650 7 |a počítače  |2 stusub 
650 7 |a počítačové systémy  |2 stusub 
650 7 |a architektúra počítačov  |2 stusub 
650 7 |a paralelné spracovanie  |2 stusub 
996 |c I*20VS4686  |l I  |s A  |a 24  |w stu2813_0001